00678nam a2200193Ia 4500001000900000003000500009005001700014008004100031010001100072040000900083082001500092100003300107245016000140260004900300300001100349400006100360650003500421650002800456dia_2002CHAP20251023170600.0220117s1997 xx 000 0 und d a172539 cCHAP a634.425 S51 aSchwentesius Rinderman, Rita aEl Maracuyá-Fruta de la Pasión, Situación y Tendencias de la Producción y el Comercio en México y en el Mundo /c por Rita Schwentesius Rinderman aChapingo, México :b UACh. CIESTAAM,c1997 a245 p. aESTRUCTURA Y DINÁMICA DE LOS SISTEMAS AGROINDUSTRIALES a1.Granada chinaxrendimiento/  aGranada chinaxmercado.